| 000 | 00587nam a2200181Ia 4500 | ||
|---|---|---|---|
| 008 | 100920s9999 xx 000 0 und d | ||
| 082 |
_b77306 _a51 न 00 |
||
| 100 | _aसोनवणी संजय. | ||
| 245 | _aअखेरचा सम्राट. | ||
| 260 |
_bपुष्प प्रकाशन लि., पुणे. _c2000 |
||
| 300 |
_a230 _bसाधी |
||
| 365 | _b200 | ||
| 520 | _aचरित्र. | ||
| 630 | _aअखेरचा सम्राट. | ||
| 650 | _aचरित्र. | ||
| 730 | _aअखेरचा सम्राट. | ||
| 942 | _cBOOK | ||
| 999 |
_c718603 _d718600 |
||